Statistieken voor Eredivisie Logo's 2022/2023

Klik hier om de quiz te nemen!

Algemene statistieken

  • Deze quiz is 464 keer genomen
  • De gemiddelde score is 16 van 18

Antwoordstatistieken

Antwoord% Correct
PSV Eindhoven
99%
AFC Ajax
98%
FC Utrecht
95%
FC Groningen
94%
FC Twente
93%
Feyenoord
90%
FC Volendam
88%
Sparta Rotterdam
86%
Vitesse
86%
N.E.C. Nijmegen
85%
RKC Waalwijk
85%
SC Cambuur
85%
AZ Alkmaar
83%
SC Heerenveen
83%
Fortuna Sittard
82%
FC Emmen
78%
Go Ahead Eagles
76%
SBV Excelsior
70%

Scoreverdeling

Percentiel versus Aantal Correcte Antwoorden

Procent van Mensen met Elke Score

Uw Scoregeschiedenis

U heeft deze quiz nog niet genomen